[Event "SV Datteln 1 - SV Rochade Eving 1"]
[Site "?"]
[Date "2022.09.25"]
[Round "2.4"]
[White "Madalinski, Jaroslaw"]
[Black "Krause, Dieter"]
[Result "1/2-1/2"]
[WhiteElo "1813"]
[BlackElo "1864"]
[PlyCount "79"]
[EventDate "2022.??.??"]
[SourceDate "2022.10.02"]

1. c4 e5 2. Nc3 d6 3. Nf3 f5 4. d3 Nf6 5. g3 c6 6. Bg2 Be7 7. O-O O-O 8. b4 Kh8
9. Rb1 Be6 10. Qc2 Nbd7 11. b5 Bg8 12. bxc6 bxc6 13. Nh4 Ng4 14. Bxc6 Bxh4 15.
Bxa8 Qxa8 16. gxh4 h6 17. f3 Ngf6 18. e4 f4 19. Ba3 Nh5 20. Kh1 Qd8 21. Qf2 Nc5
22. Bxc5 dxc5 23. Nd5 g5 24. hxg5 Qxg5 25. Rg1 Ng3+ 26. Rxg3 fxg3 27. hxg3 h5
28. Kg2 Be6 29. Rh1 Bg4 30. f4 exf4 31. Nxf4 Rf7 32. Qb2+ Kh7 33. Qd2 Rd7 34.
Qe3 Rb7 35. Qf2 Qe5 36. Re1 Rb2 37. Ne2 Rxa2 38. Qe3 Ra3 39. Kf1 Qb2 40. e5
1/2-1/2

[Event "SV Datteln 1 - SV Rochade Eving 1"]
[Site "?"]
[Date "2022.09.25"]
[Round "2.5"]
[White "Pahne, Dirk"]
[Black "Boxberg, Olaf"]
[Result "1-0"]
[WhiteElo "1907"]
[BlackElo "1765"]
[Annotator "Bialas,Jan-Philip"]
[PlyCount "69"]
[EventDate "2022.??.??"]
[SourceDate "2022.10.02"]

1. e4 d6 2. d4 Nf6 3. Bd3 c6 4. c3 e5 5. Ne2 Be7 6. f3 Nbd7 7. Be3 Qc7 8. Nd2
b6 9. Ng3 d5 10. Nf5 Bf8 11. O-O h5 12. dxe5 Nxe5 13. Bf4 Bxf5 14. exf5 Bd6 15.
Bxe5 Bxe5 16. g3 O-O-O 17. f4 Bd6 18. Nf3 Ng4 19. Re1 Rde8 20. Qd2 Bc5+ 21. Kh1
Re3 22. Rxe3 Bxe3 23. Qe2 c5 24. Ba6+ Kb8 25. h3 Nf2+ 26. Kg2 d4 27. Rf1 Ne4
28. cxd4 cxd4 29. Nxd4 Bxd4 30. Qxe4 Bxb2 {(=)} 31. Rf2 Ba3 32. Rd2 Be7 33. Be2
h4 34. Bf3 Kc8 35. f6 1-0

[Event "SV Datteln 1 - SV Rochade Eving 1"]
[Site "?"]
[Date "2022.09.25"]
[Round "2.6"]
[White "Deutschmann, Jörg"]
[Black "Nathe, Nico"]
[Result "1-0"]
[WhiteElo "1691"]
[BlackElo "1651"]
[PlyCount "69"]
[EventDate "2022.??.??"]
[SourceDate "2022.10.02"]

1. e4 c5 2. Nf3 Nc6 3. d4 cxd4 4. Nxd4 g6 5. c4 Bg7 6. Be3 Nf6 7. Nc3 d6 8. Be2
Nxd4 9. Bxd4 O-O 10. O-O b6 11. Rc1 Bb7 12. f3 Rc8 13. Qd2 Re8 14. Rfd1 Qd7 15.
Bf1 Nh5 16. Bxg7 Nxg7 17. e5 Nf5 18. exd6 Qxd6 19. Qxd6 Nxd6 20. Nd5 Kg7 21.
Nxe7 Rcd8 22. Nd5 Re5 23. Nc3 a6 24. Rd4 Kf6 25. Rcd1 Ke7 26. Na4 Rg5 27. Kh1
Bc6 28. Nxb6 Nb7 29. Rxd8 Nxd8 30. Nd5+ Bxd5 31. Rxd5 Rxd5 32. cxd5 Kd6 33.
Bxa6 Kxd5 34. b3 f6 35. Kg1 1-0

[Event "SV Datteln 1 - SV Rochade Eving 1"]
[Site "?"]
[Date "2022.09.25"]
[Round "2.7"]
[White "Jähnicke, Karl-Heinz"]
[Black "Bialas, Jan-Philip"]
[Result "0-1"]
[WhiteElo "1622"]
[BlackElo "1616"]
[PlyCount "68"]
[EventDate "2022.??.??"]
[SourceDate "2022.10.02"]

1. d4 d6 2. c4 g6 3. Nc3 Bg7 4. Nf3 Nd7 5. e4 c6 6. Be3 Ngf6 7. h3 O-O 8. Be2
a6 9. a4 Qc7 10. Qd2 e5 11. d5 cxd5 12. cxd5 Nc5 13. Bxc5 Qxc5 14. O-O Bd7 15.
Rfc1 Qb6 16. b4 Rfc8 17. a5 Qxb4 18. Rab1 Qxa5 19. Rxb7 Qa3 20. Bd3 Bb5 21. Bb1
Nd7 22. Rc2 Nf6 23. Nxb5 axb5 24. Rb2 Ra4 25. R7xb5 Nxe4 26. Bxe4 Rxe4 27. Rb8
Rec4 28. Qe2 Rc1+ 29. Kh2 e4 30. Rxc8+ Rxc8 31. Nd4 Bxd4 32. Rb7 Be5+ 33. g3
Qd3 34. Qg4 Rc2 0-1

[Event "SV Datteln 1 - SV Rochade Eving 1"]
[Site "?"]
[Date "2022.09.25"]
[Round "2.8"]
[White "Heiduk, Christopher"]
[Black "Gehrmann, Nick"]
[Result "1-0"]
[WhiteElo "1599"]
[BlackElo "1489"]
[PlyCount "107"]
[EventDate "2022.??.??"]
[SourceDate "2022.10.02"]

1. e4 c5 2. Nf3 e6 3. d4 cxd4 4. Nxd4 Nc6 5. Be3 Nf6 6. Nc3 Bb4 7. f3 a6 8. Qd2
Qc7 9. Be2 b5 10. O-O Bb7 11. a4 bxa4 12. Rxa4 Be7 13. Nxc6 Qxc6 14. Rc4 Qd6
15. Rd4 Qc6 16. Rd1 d6 17. Rc4 Qd7 18. Na4 Qd8 19. Bb6 Qd7 20. Ba5 O-O 21. Nb6
Qe8 22. Nxa8 Qxa8 23. Rc7 Bd8 24. Rc4 Bxa5 25. Qxa5 d5 26. exd5 Nxd5 27. Rcd4
Qa7 28. Kh1 g6 29. Qd2 Kg7 30. c4 Nf6 31. Rd8 Rxd8 32. Qxd8 Qf2 33. Qd2 Qh4 34.
b4 e5 35. Qe1 Qf4 36. Kg1 h5 37. Qd2 Qf5 38. c5 e4 39. fxe4 Nxe4 40. Qd4+ Nf6
41. Rf1 Qg5 42. Bf3 Bc8 43. c6 h4 44. c7 h3 45. g3 a5 46. Qd8 Qe3+ 47. Kh1 Qe6
48. bxa5 Ba6 49. Rd1 Qe3 50. Ba8 Be2 51. Qd2 Bf3+ 52. Bxf3 Qxf3+ 53. Kg1 Qc6
54. Rc1 1-0

[Event "Gerthe- Linden"]
[Site "?"]
[Date "2022.09.25"]
[Round "2.1"]
[White "Hahn, Matthias"]
[Black "Quast, Marcel"]
[Result "1/2-1/2"]
[WhiteElo "2088"]
[BlackElo "2189"]
[PlyCount "75"]
[SourceDate "2022.10.02"]

1. e4 Nf6 2. e5 Nd5 3. d4 d6 4. Nf3 dxe5 5. Nxe5 c6 6. Be2 Nd7 7. Nf3 g6 8. O-O
Bg7 9. c4 Nc7 10. Nc3 O-O 11. Re1 e5 12. Bg5 f6 13. Be3 Nb6 14. dxe5 fxe5 15.
Bc5 Re8 16. Ne4 Ne6 17. Qxd8 Rxd8 18. Be7 Re8 19. Nf6+ Bxf6 20. Bxf6 Nf4 21.
Bf1 e4 22. Bg5 Bf5 23. Nd2 Nd3 24. Re3 Nc5 25. Rae1 Kf7 26. g4 Bxg4 27. Nxe4
Nxe4 28. Rxe4 Rxe4 29. Rxe4 Be6 30. b3 Re8 31. Be3 Nd7 32. Be2 a6 33. Rd4 Bf5
34. Bd3 Ne5 35. Be2 h5 36. Kg2 Ng4 37. Bxg4 Bxg4 38. h3 1/2-1/2

[Event "Gerthe- Linden"]
[Site "?"]
[Date "2022.09.25"]
[Round "2.2"]
[White "Brueggestrass, Volker"]
[Black "Boehm, Ingo"]
[Result "1-0"]
[WhiteElo "2036"]
[BlackElo "2177"]
[PlyCount "53"]
[SourceDate "2022.10.02"]

1. e4 g6 2. d4 Bg7 3. Nc3 d6 4. f4 Nf6 5. Nf3 O-O 6. Bd3 Na6 7. O-O c5 8. d5
Nc7 9. Qe1 Rb8 10. a4 a6 11. a5 b5 12. axb6 Rxb6 13. Qh4 Rb4 14. Na2 Rb8 15. c4
Nd7 16. Nc3 e6 17. Qg3 exd5 18. cxd5 Qe7 19. h4 Ne8 20. Re1 Ndf6 21. e5 Nh5 22.
Qf2 Bg4 23. exd6 Qxd6 24. Rxa6 Qd8 25. Ne5 Bxe5 26. fxe5 Qc8 27. Rc6 1-0

[Event "Gerthe- Linden"]
[Site "?"]
[Date "2022.09.25"]
[Round "2.3"]
[White "Kandyba, Andriy"]
[Black "Gottmann, Bernd"]
[Result "1-0"]
[WhiteElo "1951"]
[BlackElo "1902"]
[PlyCount "89"]
[SourceDate "2022.10.02"]

1. d4 g6 2. h4 h5 3. e4 d6 4. Bc4 Nf6 5. Nc3 Bg7 6. f3 c6 7. Bb3 O-O 8. Bf4 Qc7
9. Nh3 e5 10. dxe5 dxe5 11. Be3 Bxh3 12. Rxh3 Nbd7 13. Qe2 b5 14. Kf2 Rfe8 15.
Rd1 a5 16. a4 b4 17. Nb1 Nf8 18. g3 Ne6 19. Bxe6 Rxe6 20. Nd2 Rd8 21. Rhh1 Bf8
22. Nc4 Nd7 23. b3 Bc5 24. Bxc5 Nxc5 25. Rxd8+ Qxd8 26. Rd1 Qc7 27. Qe3 Nb7 28.
Qb6 Qxb6+ 29. Nxb6 Nd6 30. Nd7 f5 31. Ke3 Kf7 32. Nxe5+ Rxe5 33. Rxd6 Rc5 34.
Kd2 fxe4 35. fxe4 Rc3 36. Rd3 Rc5 37. c4 Ke7 38. Ke3 g5 39. Kd4 Kd6 40. Rf3
gxh4 41. gxh4 Re5 42. Rf6+ Re6 43. Rxe6+ Kxe6 44. Kc5 Ke5 45. Kxc6 1-0

[Event "Gerthe- Linden"]
[Site "?"]
[Date "2022.09.25"]
[Round "2.4"]
[White "Loeffelbein, Klaus"]
[Black "Schmidt, Ralph"]
[Result "0-1"]
[WhiteElo "2000"]
[BlackElo "1959"]
[Annotator "daniel"]
[PlyCount "68"]
[SourceDate "2022.10.02"]

1. d4 Nf6 2. Nf3 g6 3. c4 Bg7 4. Nc3 d6 5. g3 O-O 6. Bg2 c6 7. O-O Nbd7 8. d5
Nb6 9. Qb3 cxd5 10. cxd5 Nfd7 11. Rd1 Nc5 12. Qc2 Bd7 13. Be3 Bf5 14. Qc1 Rc8
15. Bd4 Ne4 16. Bxg7 Kxg7 17. Nd4 Nxc3 18. Nxf5+ gxf5 19. bxc3 Qc7 20. Qg5+ Kh8
21. Rac1 Qd7 22. Rd4 Rg8 23. Qh5 e5 24. dxe6 fxe6 25. Rh4 Qe7 $11 26. e4 Rc4
27. Qe2 fxe4 28. Rxe4 Rxe4 29. Qxe4 Rg7 30. Re1 Nd5 31. Qd4 Nb6 32. f4 Qd7 33.
Qf6 Kg8 34. Rxe6 Rg6 0-1

[Event "Gerthe- Linden"]
[Site "?"]
[Date "2022.09.25"]
[Round "2.5"]
[White "Hochstein, Udo"]
[Black "Kalle, Yannis"]
[Result "1-0"]
[WhiteElo "2013"]
[BlackElo "1787"]
[PlyCount "119"]
[SourceDate "2022.10.02"]

1. d4 Nf6 2. c4 e6 3. Nc3 Bb4 4. f3 d5 5. a3 Bxc3+ 6. bxc3 b6 7. cxd5 exd5 8.
e3 O-O 9. Bd3 c5 10. Ne2 Re8 11. O-O Nc6 12. a4 Bb7 13. Rb1 Qc7 14. Ng3 Na5 15.
Rf2 Rad8 16. Re2 cxd4 17. cxd4 Nc4 18. Bxc4 Qxc4 19. Reb2 Ba6 20. Bd2 Rc8 21.
Nf5 Qc7 22. Qb3 Qd7 23. Ng3 Re6 24. Rc1 Bc4 25. Qa3 Ne8 26. Rbc2 Rec6 27. Bb4
Nf6 28. Bd2 h6 29. Nh1 Ne8 30. Bb4 Nf6 31. Nf2 Qe6 32. Bd2 Ne8 33. e4 f5 34. e5
Nc7 35. Bb4 Qg6 36. Qe3 Ne6 37. Nh3 Qe8 38. Nf4 Nxf4 39. Qxf4 Qe6 40. Qe3 Re8
41. Qd2 Rec8 42. f4 Bb3 43. Rxc6 Rxc6 44. a5 b5 45. Bc5 a6 46. Rc3 Bc4 47. Rg3
Rc7 48. Qc1 Rb7 49. Bb4 Kh7 50. h4 g6 51. h5 Rg7 52. hxg6+ Rxg6 53. Qe1 Kg7 54.
Rxg6+ Kxg6 55. Qh4 Kf7 56. Qd8 Qg6 57. Qe7+ Kg8 58. e6 Qh5 59. Qf8+ Kh7 60.
Qf7+ 1-0

[Event "Gerthe- Linden"]
[Site "?"]
[Date "2022.09.25"]
[Round "2.6"]
[White "Boost, Juergen"]
[Black "Schuetz, Paul"]
[Result "1-0"]
[WhiteElo "1949"]
[BlackElo "1569"]
[PlyCount "81"]
[SourceDate "2022.10.02"]

1. e4 c5 2. Nf3 d6 3. d4 cxd4 4. Nxd4 Nf6 5. Nc3 a6 6. Be2 e6 7. O-O Nbd7 8.
Bg5 b5 9. a3 Bb7 10. f4 Qb6 11. Bxf6 gxf6 12. Kh1 Rg8 13. Bf3 Bh6 14. Nde2
O-O-O 15. Qd2 Ne5 16. Bh5 Nc4 17. Qd4 Qxd4 18. Nxd4 Nd2 19. Bxf7 Rg7 20. Bxe6+
Kb8 21. Rf2 Nxe4 22. Nxe4 Bxe4 23. Re1 Bb7 24. Nf5 Rxg2 25. Rxg2 Bxf4 26. Kg1
Bxg2 27. Kxg2 Be5 28. c3 Kc7 29. h3 Kb6 30. Rd1 Re8 31. Bf7 Rd8 32. Kf3 Rf8 33.
Ba2 a5 34. Nxd6 Bxd6 35. Rxd6+ Kc5 36. Rd5+ Kc6 37. Rh5 Rd8 38. Ke2 Re8+ 39.
Kd2 Re5 40. Rxe5 fxe5 41. Ke3 1-0

[Event "Gerthe- Linden"]
[Site "?"]
[Date "2022.09.25"]
[Round "2.8"]
[White "Al Zoubi, Ahmad"]
[Black "Skara, Milenko"]
[Result "1/2-1/2"]
[WhiteElo "1600"]
[BlackElo "1978"]
[PlyCount "112"]
[SourceDate "2022.10.02"]

1. e4 e5 2. Nf3 Nc6 3. Bc4 Nf6 4. d3 Be7 5. a3 d6 6. b4 Bg4 7. Bb2 O-O 8. Nbd2
a5 9. c3 Kh8 10. Qb3 Qe8 11. O-O Nh5 12. d4 exd4 13. Nxd4 Nf4 14. f3 Bd7 15.
Nxc6 Bxc6 16. b5 Bd7 17. a4 Be6 18. Bxe6 Nxe6 19. f4 Nc5 20. Qc2 Bf6 21. Rae1
Qe6 22. f5 Qe5 23. Nc4 Qe7 24. Re2 b6 25. Rfe1 Nd7 26. Ne3 Be5 27. Nd5 Qd8 28.
Bc1 h6 29. Re3 Nf6 30. Nxf6 Qxf6 31. Rh3 Rfe8 32. g4 Kg8 33. Bd2 Qe7 34. Qc1 f6
35. Rh5 Kf7 36. Qd1 Rh8 37. Qb3+ Kf8 38. h4 Qf7 39. c4 Ke7 40. Qd3 Rag8 41. Kh1
Kd8 42. c5 bxc5 43. Bxa5 Qa2 44. Qd2 Qxa4 45. b6 cxb6 46. Bxb6+ Ke7 47. Qd5 Qd7
48. Rb1 Ra8 49. g5 hxg5 50. Rxh8 Rxh8 51. Ba5 Rxh4+ 52. Kg2 Rh2+ 53. Kg1 Rb2
54. Rxb2 Bxb2 55. Qg8 Bd4+ 56. Kg2 Be5 1/2-1/2

[Event "Horst Emscher 2- Dorsten"]
[Site "?"]
[Date "2022.10.16"]
[Round "3.1"]
[White "Tig, Achmet"]
[Black "Doenges, Dirk"]
[Result "1/2-1/2"]
[WhiteElo "1979"]
[BlackElo "1840"]
[PlyCount "54"]
[SourceDate "2022.10.02"]

1. d4 d5 2. Nf3 c6 3. c4 Nf6 4. Nc3 e6 5. Bg5 Be7 6. e3 Nbd7 7. Rc1 Ne4 8. Bxe7
Qxe7 9. Qc2 f5 10. Bd3 O-O 11. O-O Ng5 12. Nxg5 Qxg5 13. b4 Nf6 14. b5 f4 15.
exf4 Qxf4 16. Ne2 Qh4 17. g3 Qh6 18. bxc6 bxc6 19. cxd5 cxd5 20. Rb1 Ng4 21. h4
e5 22. dxe5 Nxe5 23. Nd4 Nxd3 24. Qxd3 Qf6 25. Qd2 Bh3 26. Rfe1 Rac8 27. Rbc1
Rc4 1/2-1/2

[Event "Horst Emscher 2- Dorsten"]
[Site "?"]
[Date "2022.10.16"]
[Round "3.2"]
[White "Schorra, Helmut"]
[Black "Nowok, Frank"]
[Result "1-0"]
[WhiteElo "2108"]
[BlackElo "1944"]
[PlyCount "167"]
[SourceDate "2022.10.02"]

1. Nf3 Nf6 2. d4 e6 3. c4 c5 4. Nc3 cxd4 5. Nxd4 a6 6. e4 d6 7. Be2 Be7 8. Be3
O-O 9. O-O b6 10. Rc1 Bb7 11. f3 Nbd7 12. Qd2 Qc7 13. Rfd1 Rac8 14. Bf1 Qb8 15.
Qe1 Rfe8 16. b3 Bd8 17. Nc2 Bc7 18. Qh4 Ne5 19. Qf2 Ba8 20. Nb4 Qa7 21. a4 Nfd7
22. Nd3 Nxd3 23. Bxd3 Qb8 24. f4 Nf6 25. h3 Nd7 26. Rf1 Nc5 27. Bc2 Bd8 28. Bd4
Rf8 29. Qg3 f6 30. b4 Nd7 31. Qg4 Re8 32. Bb3 Nf8 33. Rce1 Kh8 34. Rf3 Qc7 35.
Rg3 Rb8 36. Qh5 Qe7 37. e5 dxe5 38. fxe5 f5 39. c5 Bc7 40. Ne2 Red8 41. Kh1 f4
42. Rc3 h6 43. Bf2 Qg5 44. Qxg5 hxg5 45. Nd4 bxc5 46. Nxe6 Nxe6 47. Bxe6 Rd2
48. Kg1 Rbd8 49. h4 gxh4 50. Bh3 g5 51. e6 Re8 52. bxc5 Bc6 53. Rc4 Kg7 54. Rd4
Ra2 55. e7 Rxa4 56. Bg4 Rxd4 57. Bxd4+ Kg8 58. Be6+ Kh7 59. Bf7 Rc8 60. e8=Q
Bxe8 61. Bxe8 g4 62. Bd7 Rd8 63. c6 g3 64. Bf6 Rf8 65. Bxh4 Bb6+ 66. Kf1 Kg6
67. Re6+ Kg7 68. Re7+ Kg6 69. Be8+ Kh6 70. Re6+ Kg7 71. Bh5 Rc8 72. Be8 a5 73.
Bg5 Bc7 74. Bh6+ Kh7 75. Bd7 Rb8 76. Bg5 Rb2 77. Re2 Rb1+ 78. Re1 Rb2 79. Bf5+
Kg8 80. Re8+ Kf7 81. Re7+ Kf8 82. Rxc7 Rf2+ 83. Kg1 Ra2 84. Bd3 1-0

[Event "Horst Emscher 2- Dorsten"]
[Site "?"]
[Date "2022.10.16"]
[Round "3.3"]
[White "Hermanowski, Mark"]
[Black "Renn, Thorsten"]
[Result "1-0"]
[WhiteElo "1931"]
[BlackElo "1901"]
[PlyCount "77"]
[SourceDate "2022.10.02"]

1. e4 e6 2. f4 d5 3. e5 c5 4. Nf3 Nc6 5. d3 b5 6. Be2 Bb7 7. O-O d4 8. Nbd2
Nge7 9. Ne4 Nd5 10. Qe1 Be7 11. Qg3 Qd7 12. Qxg7 O-O-O 13. Nfg5 h6 14. Nxf7
Rdg8 15. Nfd6+ Kc7 16. Qf7 Nd8 17. Qh5 Bxd6 18. exd6+ Kb6 19. Bf3 Nf7 20. c4
dxc3 21. Be3 Rc8 22. Nxc5 Rxc5 23. b4 Kc6 24. bxc5 b4 25. d4 Ba6 26. Rfe1 Bc4
27. Bf2 Kb5 28. g3 Rg8 29. Kh1 Nf6 30. Qh3 h5 31. Be2 Qc6+ 32. Kg1 Bxe2 33.
Rxe2 Ng4 34. Rxe6 Qf3 35. Qf1+ Ka5 36. d7 Qxf2+ 37. Qxf2 Nxf2 38. Re8 Rg6 39.
Kxf2 1-0

[Event "Horst Emscher 2- Dorsten"]
[Site "?"]
[Date "2022.10.16"]
[Round "3.4"]
[White "Tobczewski, Peter"]
[Black "Vengels, Joachim"]
[Result "1/2-1/2"]
[WhiteElo "1971"]
[BlackElo "1968"]
[PlyCount "56"]
[SourceDate "2022.10.02"]

1. e4 e6 2. d4 d5 3. exd5 exd5 4. c4 Nf6 5. Nc3 Be7 6. Nf3 O-O 7. cxd5 Nxd5 8.
Bc4 Nb6 9. Bb3 Bg4 10. O-O N8d7 11. Bf4 c6 12. Qd3 Bh5 13. Rfe1 Bg6 14. Qe2 Bf6
15. Rad1 Re8 16. Qxe8+ Qxe8 17. Rxe8+ Rxe8 18. Ne5 Nf8 19. h3 Rd8 20. d5 cxd5
21. Nxd5 Nxd5 22. Rxd5 Re8 23. Nxg6 hxg6 24. Be3 b6 25. Rd2 Rc8 26. Bd5 Rc1+
27. Kh2 Rb1 28. b3 Rb2 1/2-1/2

[Event "Horst Emscher 2- Dorsten"]
[Site "?"]
[Date "2022.10.16"]
[Round "3.5"]
[White "Buesken, Klaus"]
[Black "Schreiner, Paulo"]
[Result "0-1"]
[WhiteElo "1844"]
[BlackElo "1891"]
[PlyCount "52"]
[SourceDate "2022.10.02"]

1. Nf3 d5 2. b3 Nf6 3. Bb2 c5 4. e3 Bg4 5. Be2 Nc6 6. O-O e6 7. d4 Bxf3 8. Bxf3
cxd4 9. exd4 Bd6 10. Nd2 Qc7 11. h3 h5 12. c4 g5 13. Be2 O-O-O 14. Rc1 Kb8 15.
cxd5 exd5 16. Bb5 g4 17. h4 Bh2+ 18. Kh1 g3 19. Nf3 Ne4 20. fxg3 Nxg3+ 21. Kxh2
Nxf1+ 22. Kg1 Ne3 23. Qd3 Nxg2 24. Kxg2 Rhg8+ 25. Kf1 Qg3 26. Ne5 Qg1+ 0-1

[Event "Horst Emscher 2- Dorsten"]
[Site "?"]
[Date "2022.10.16"]
[Round "3.6"]
[White "Konietzka, Bernd"]
[Black "Hater, Norbert"]
[Result "1/2-1/2"]
[WhiteElo "2015"]
[BlackElo "1838"]
[PlyCount "81"]
[SourceDate "2022.10.02"]

1. e4 d5 2. Nc3 dxe4 3. Nxe4 Bf5 4. Ng3 Bg6 5. d4 Nf6 6. Nf3 e6 7. Bg5 Be7 8.
Bd3 c6 9. O-O O-O 10. Bxg6 hxg6 11. c3 Nbd7 12. Re1 Qc7 13. Ne4 Rad8 14. Qc1 c5
15. Nxf6+ Nxf6 16. Qf4 Qxf4 17. Bxf4 cxd4 18. Nxd4 Rd5 19. h3 Rfd8 20. Re2 Bc5
21. Nf3 Rd1+ 22. Rxd1 Rxd1+ 23. Kh2 Bd6 24. Bxd6 Rxd6 25. Nd4 a6 26. g4 b5 27.
a3 Kf8 28. Kg3 g5 29. Re5 Rd5 30. Re2 g6 31. f3 Ke8 32. Nc6 Nd7 33. Nb4 Rd6 34.
h4 gxh4+ 35. Kxh4 f6 36. Nc2 g5+ 37. Kg3 Kf7 38. Nd4 Ne5 39. b3 Ng6 40. Kf2 Nf4
41. Rc2 1/2-1/2

[Event "Horst Emscher 2- Dorsten"]
[Site "?"]
[Date "2022.10.16"]
[Round "3.7"]
[White "Heinrichs, Maximilian"]
[Black "Ebert, Manfred"]
[Result "1/2-1/2"]
[WhiteElo "1814"]
[BlackElo "2082"]
[PlyCount "81"]
[SourceDate "2022.10.02"]

1. d4 Nf6 2. Nf3 g6 3. g3 Bg7 4. Bg2 O-O 5. Nbd2 d6 6. O-O Nbd7 7. e4 c6 8. b3
e5 9. dxe5 Ng4 10. Bb2 Ngxe5 11. Nxe5 Nxe5 12. Rb1 f5 13. Qe2 fxe4 14. Nxe4 d5
15. Nd2 Nf7 16. Bxg7 Kxg7 17. f4 Bf5 18. Rbc1 Qf6 19. c4 dxc4 20. Nxc4 Rad8 21.
Rfd1 Rfe8 22. Qf2 b6 23. Rxd8 Rxd8 24. Ne3 c5 25. Nxf5+ Qxf5 26. h3 Qd3 27. Kh2
Qd2 28. Rc2 Qd4 29. Bf1 Qxf2+ 30. Rxf2 Rd4 31. Re2 Kf6 32. Kg2 Nd6 33. Kf3 Rd1
34. Bg2 Nf5 35. Kf2 Nd4 36. Rb2 a5 37. g4 Ne6 38. Ke3 Nd4 39. Rd2 Re1+ 40. Kd3
Rc1 41. Bd5 1/2-1/2

[Event "Horst Emscher 2- Dorsten"]
[Site "?"]
[Date "2022.10.16"]
[Round "3.8"]
[White "Rydzewski, Klaus"]
[Black "Nashir, Ramin"]
[Result "1-0"]
[WhiteElo "2081"]
[BlackElo "1432"]
[PlyCount "73"]
[SourceDate "2022.10.02"]

1. e4 e6 2. d4 d5 3. e5 c5 4. c3 Nc6 5. Nf3 Qb6 6. a3 Bd7 7. b4 cxd4 8. cxd4
Nge7 9. Nc3 Nf5 10. Na4 Qd8 11. Bb2 Be7 12. Bd3 Rc8 13. Rc1 b6 14. O-O Ncxd4
15. Rxc8 Nxf3+ 16. Qxf3 Qxc8 17. Bxf5 Bxa4 18. Bd3 Qd7 19. Qe2 O-O 20. f4 f5
21. exf6 Bxf6 22. f5 Bxb2 23. Qxb2 Bc6 24. b5 Bb7 25. Qe5 Bc8 26. Rc1 Rf7 27.
Qb8 Rf8 28. Rc7 Qd8 29. Qxa7 Qf6 30. Qxb6 exf5 31. Qxf6 gxf6 32. b6 Be6 33. Re7
Bf7 34. b7 Bg6 35. a4 Rb8 36. a5 Kf8 37. Rc7 1-0

[Event "Oberhausen 2- Bottrop"]
[Site "?"]
[Date "2022.10.16"]
[Round "3.1"]
[White "Stadtmann, Jens"]
[Black "Joergens, Markus"]
[Result "1-0"]
[WhiteElo "2215"]
[BlackElo "2072"]
[PlyCount "99"]
[SourceDate "2022.10.02"]

1. c4 e6 2. d4 d5 3. e3 c6 4. Nc3 Nf6 5. Nf3 a6 6. a3 dxc4 7. Bxc4 b5 8. Ba2 c5
9. dxc5 Qxd1+ 10. Kxd1 Bxc5 11. b4 Be7 12. Bb2 Bb7 13. Ke2 O-O 14. Rhd1 Nbd7
15. e4 Rfd8 16. Nd2 a5 17. bxa5 b4 18. axb4 Bxb4 19. Bb1 Ne5 20. Na2 Ba6+ 21.
Ke1 Bxd2+ 22. Rxd2 Rxd2 23. Kxd2 Nc4+ 24. Kc2 Nxe4 25. Nb4 Nxf2 26. Nxa6 Rxa6
27. Bc3 Ne4 28. Be1 Kf8 29. Kb3 Ncd6 30. Bb4 Ke8 31. Bd3 Ra8 32. Re1 f5 33.
Bxd6 Nxd6 34. Rxe6+ Kd7 35. Re5 g6 36. a6 Nf7 37. Rb5 Nd6 38. Rc5 Nc8 39. Bb5+
Kd6 40. Rc6+ Kd5 41. Rc7 Na7 42. Be2 Kd6 43. Rxh7 Nc6 44. Ka4 Nd4 45. Bd3 Ne6
46. Ka5 Rc8 47. Bb5 Kc5 48. Rh3 Kd4 49. Rd3+ Ke4 50. Rd6 1-0

[Event "Oberhausen 2- Bottrop"]
[Site "?"]
[Date "2022.10.16"]
[Round "3.2"]
[White "Matzat, Andre"]
[Black "Boehm, Joachim"]
[Result "1-0"]
[WhiteElo "2057"]
[BlackElo "2231"]
[PlyCount "61"]
[SourceDate "2022.10.02"]

1. d4 d5 2. Nf3 Nf6 3. c3 e6 4. Bf4 c5 5. e3 Nc6 6. Nbd2 Bd6 7. Bg3 O-O 8. Bd3
b6 9. e4 Be7 10. e5 Nh5 11. Ng5 Bxg5 12. Qxh5 g6 13. Qe2 cxd4 14. h4 Bh6 15. h5
g5 16. Nf3 dxc3 17. bxc3 Qe7 18. Nh2 f5 19. exf6 Qxf6 20. O-O e5 21. Bb5 Bg7
22. Qd2 d4 23. Rfe1 h6 24. Rac1 Bb7 25. cxd4 exd4 26. Ng4 Qf5 27. Bxc6 Bxc6 28.
Nxh6+ Bxh6 29. Rxc6 Bg7 30. Rg6 g4 31. Rg5 1-0

[Event "Oberhausen 2- Bottrop"]
[Site "?"]
[Date "2022.10.16"]
[Round "3.3"]
[White "Ruhmann, Gabriel"]
[Black "Krueger, Andre"]
[Result "1/2-1/2"]
[WhiteElo "1744"]
[BlackElo "1950"]
[PlyCount "131"]
[SourceDate "2022.10.02"]

1. Nf3 Nf6 2. c4 g6 3. b3 Bg7 4. Bb2 O-O 5. g3 c5 6. Bg2 d6 7. O-O e5 8. Nc3
Nc6 9. e3 h6 10. d4 cxd4 11. exd4 e4 12. Nd2 Bg4 13. Qb1 Nxd4 14. Ndxe4 Re8 15.
Qd3 Nxe4 16. Bxe4 Rxe4 17. Qxe4 Bf3 18. Qd3 Qd7 19. Rfe1 Qh3 20. Qf1 Qh5 21.
Nd5 Be2 22. Bxd4 Bxf1 23. Bxg7 Kxg7 24. Kxf1 Qxh2 25. Rad1 Qh1+ 26. Ke2 Re8+
27. Ne3 Qc6 28. Rd5 Re5 29. Rd3 Re6 30. Red1 a6 31. Rd5 b5 32. cxb5 axb5 33.
Kf1 Qb6 34. a4 bxa4 35. bxa4 Qa6+ 36. Kg1 Qxa4 37. R1d4 Qa1+ 38. Kg2 Qa8 39.
Kg1 Qa6 40. Nc4 Qa1+ 41. Kg2 Qa8 42. Kg1 Re1+ 43. Kg2 Rc1 44. Nxd6 Rc5 45. Ne8+
Kf8 46. Nf6 Ke7 47. Kh2 Rxd5 48. Nxd5+ Kf8 49. Nf6 Qa2 50. Rf4 Kg7 51. Ne8+ Kg8
52. Nd6 f5 53. Nxf5 gxf5 54. Rxf5 Kg7 55. Rf4 h5 56. Kg2 Kg6 57. Kg1 Kg5 58.
Kg2 Qd2 59. Kg1 Qd1+ 60. Kg2 Qe2 61. Kg1 Qd1+ 62. Kg2 Qd5+ 63. Kg1 Qc6 64. Rh4
Qf3 65. Rf4 Qe2 66. Kg2 1/2-1/2

[Event "Oberhausen 2- Bottrop"]
[Site "?"]
[Date "2022.10.16"]
[Round "3.4"]
[White "Gerst, Michael"]
[Black "Masberg, Stefan"]
[Result "1/2-1/2"]
[WhiteElo "1942"]
[BlackElo "2099"]
[PlyCount "40"]
[SourceDate "2022.10.02"]

1. d4 Nf6 2. c4 e6 3. Nc3 Bb4 4. Qc2 Bxc3+ 5. Qxc3 d5 6. b3 O-O 7. e3 Ne4 8.
Qc2 c5 9. dxc5 Qa5+ 10. Bd2 Nxd2 11. Qxd2 Qxc5 12. cxd5 Qxd5 13. Qxd5 exd5 14.
Nf3 Nc6 15. O-O-O Rd8 16. Be2 Be6 17. Rd2 a5 18. Bb5 Na7 19. Be2 Nc6 20. Bb5
Na7 1/2-1/2

[Event "Oberhausen 2- Bottrop"]
[Site "?"]
[Date "2022.10.16"]
[Round "3.5"]
[White "Gierse, Heinz- Dieter"]
[Black "Stefaniak, Christian"]
[Result "0-1"]
[WhiteElo "2063"]
[BlackElo "2038"]
[PlyCount "38"]
[SourceDate "2022.10.02"]

1. Nf3 e6 2. g3 b6 3. Bg2 Bb7 4. d3 d5 5. Nbd2 Nf6 6. O-O Be7 7. c4 O-O 8. a3
c5 9. cxd5 exd5 10. Qc2 Nc6 11. e4 Re8 12. Re1 Bf8 13. Nb3 dxe4 14. dxe4 Nxe4
15. Rxe4 Rxe4 16. Qxe4 Qd1+ 17. Bf1 Na5 18. Qf5 Qxb3 19. Bd2 Qxf3 0-1

[Event "Oberhausen 2- Bottrop"]
[Site "?"]
[Date "2022.10.16"]
[Round "3.6"]
[White "Kraus, Kilian"]
[Black "Nowacki, Marcus"]
[Result "1/2-1/2"]
[WhiteElo "1763"]
[BlackElo "1803"]
[PlyCount "74"]
[SourceDate "2022.10.02"]

1. d4 Nf6 2. c4 e6 3. Nf3 d5 4. g3 c6 5. Bg2 Nbd7 6. O-O Bd6 7. b3 O-O 8. Bb2
Ne4 9. Nbd2 f5 10. Ne5 Nxe5 11. dxe5 Bb4 12. Bxe4 dxe4 13. Nb1 Qb6 14. a3 Be7
15. Qc2 Bd7 16. Nc3 Be8 17. e3 Bh5 18. b4 Rad8 19. Ne2 Bxe2 20. Qxe2 Rd7 21.
Rfd1 Rfd8 22. Rxd7 Rxd7 23. Rd1 Qd8 24. Rxd7 Qxd7 25. Bc3 b5 26. Qd2 Qxd2 27.
Bxd2 bxc4 28. Kf1 Kf8 29. Ke2 Ke8 30. Kd1 Kd7 31. Kc2 Kc7 32. Kc3 Kb6 33. Kxc4
g5 34. a4 a6 35. a5+ Kb7 36. Bc3 h5 37. Bd4 g4 1/2-1/2

[Event "Oberhausen 2- Bottrop"]
[Site "?"]
[Date "2022.10.16"]
[Round "3.7"]
[White "Huestegge, Ulrich"]
[Black "Akcapinar, Yavuz"]
[Result "1/2-1/2"]
[WhiteElo "1907"]
[BlackElo "1784"]
[PlyCount "28"]
[SourceDate "2022.10.02"]

1. c4 e5 2. Nc3 Nc6 3. g3 Bc5 4. Bg2 a6 5. e3 d6 6. Nge2 Ba7 7. O-O h5 8. h4 g5
9. Nd5 gxh4 10. gxh4 Nce7 11. f4 c6 12. Nxe7 Qxe7 13. Qe1 Nh6 14. fxe5 dxe5
1/2-1/2

[Event "Oberhausen 2- Bottrop"]
[Site "?"]
[Date "2022.10.16"]
[Round "3.8"]
[White "Seibert, Michael"]
[Black "Gruber, Herbert"]
[Result "0-1"]
[WhiteElo "2035"]
[BlackElo "1759"]
[Annotator "daniel"]
[PlyCount "36"]
[SourceDate "2022.10.02"]

1. d4 d5 2. Bg5 Nf6 3. Bxf6 exf6 4. e3 Bd6 5. c4 c6 6. cxd5 cxd5 7. Nc3 O-O 8.
Nxd5 Nc6 9. Bd3 Qa5+ 10. Nc3 Re8 11. Nge2 Bg4 12. Qa4 Qh5 13. Qb5 Qh6 14. Ne4
Bxe2 15. Nxd6 Nxd4 16. Qd5 Rxe3 17. fxe3 Qxe3 18. Qe4 Qxd3 {Handy weiss} 0-1